| 000 | 00901nam a2200217 4500 | ||
|---|---|---|---|
| 999 |
_c17483 _d17483 |
||
| 008 | 221025b ||||| |||| 00| 0 eng d | ||
| 020 | _a9786214182626 | ||
| 050 | _a2022 | ||
| 082 |
_22022 _aDFil 363.2565 _bD713 |
||
| 100 |
_aDomingo, Chistian G. _946503 |
||
| 245 |
_aForensic document examination : _ba handbook for criminology faculty and students with laboratory and mock board exercises / _cChistian G. Domingo, Armando A. Alviola and Joar V. Uy. |
||
| 250 | _a2022 edition. | ||
| 260 |
_aQuezon City : _bWiseman's Books Trading, Inc., _c©2022. |
||
| 300 |
_avii, 131 pages : _billustrations ; _c23 cm. |
||
| 500 | _aIncludes bibliographical references. | ||
| 650 |
_aWriting _xIdentification. _946504 |
||
| 650 |
_aLegal documents _xIdentification. _946505 |
||
| 700 |
_aAlviola, Armando A. _eauthor. _946506 |
||
| 700 |
_aUy, Joar V. _eauthor. _946507 |
||
| 942 |
_2ddc _cDFIL |
||